| 000 | 00517cas a2200157u 4500 | ||
|---|---|---|---|
| 082 |
_a624.152 _bBLA _cD |
||
| 245 | 0 | 0 | _aBlasters' handbook. |
| 260 |
_aWilmington, _bE. I. Du Pont de Nemours, _c1918- |
||
| 300 |
_av. _billus. (part col.) _c18-21 cm. |
||
| 526 |
_a0 _b0 _c0 _d624_152000000000000_BLA |
||
| 526 |
_a0 _b0 _c0 _d624_152000000000000_BLA |
||
| 650 | 0 |
_aBlasting _926995 |
|
| 710 | 0 |
_aDu Pont de Nemours (E. I.) and Company. _942569 |
|
| 710 | 0 |
_aDu Pont de Nemours (E. I.) and Company. _942569 |
|
| 942 |
_2ddc _cBK |
||
| 999 |
_c546446 _d546446 |
||